Pneumokok dokáže aj zabiť

Bibliographic Details
Main Author: Hudecová, Dorota (Author)
Format: Article
Language:Slovak
PhysicalDescription:Fotogr., tab.
ISSN:1337-219X
Subjects:

MARC

LEADER 00000nab a2200000 ar4500
001 vtls008982026
003 SK-MaSNL
005 20260303065157.0
008 070419c2007 xo mr|p|||||||000 b|slo
015 |a SNBRB2007/04  |2 snkbucl 
038 |a SNKBUCL 
040 |a SNKBUCL  |b slo  |c SNKBUCL  |e AACR2 
040 0 |a slo  |e AACR2 
041 0 |a slo 
044 |a xo  |c SK 
080 |a 616.981.2:616.24:615.371  |2 1997 
080 |a 616.24:615.371  |2 1997 
100 1 |a Hudecová, Dorota  |4 aut  |9 872807 
245 1 0 |a Pneumokok dokáže aj zabiť  |c Dorota Hudecová 
300 |b Fotogr., tab. 
650 0 7 |a pneumokokové infekcie  |x vakcinácia  |2 snkbucl  |9 1061285 
650 0 7 |a pneumokokové infekcie  |2 snkbucl  |9 1058655 
773 0 |t Žurnál  |g Roč. I, č. 5 (2007), s. 82-83  |x 1337-219X 
852 |a SNK  |b KIS3GCP 
958 |a MI 
999 |c 1750155  |d 1752085